Cinearte 1926 - 1930 : a política do estrelismo /
Salvato in:
| Autore principale: | |
|---|---|
| Natura: | Libro |
| Lingua: | Portuguese |
| Pubblicazione: |
Rio de Janeiro, Brasil :
CIEC,
1989.
|
| Serie: | Papéis avulsos ;
1989-21 |
| Soggetti: | |
| Tags: |
Aggiungi Tag
Nessun Tag, puoi essere il primo ad aggiungerne!!
|
MARC
| LEADER | 00000nam a2200000 a 4500 | ||
|---|---|---|---|
| 001 | 958793 | ||
| 005 | 20150525131809.0 | ||
| 008 | 930127s1989 bl b 000 0 por d | ||
| 040 | |a GZM |c GZM |d CRU CIICLA | ||
| 082 | |a 791.43 |b B583c | ||
| 100 | 1 | |a Bicalho, Fernanda | |
| 245 | 1 | 0 | |a Cinearte 1926 - 1930 : |b a política do estrelismo / |c Fernanda Bicalho. |
| 260 | |a Rio de Janeiro, Brasil : |b CIEC, |c 1989. | ||
| 300 | |a 17 páginas | ||
| 490 | 1 | |a Papéis avulsos ; |v 1989-21 | |
| 504 | |a Incluye referencias bibliográficas. | ||
| 630 | 0 | 0 | |a Cinearte |
| 650 | 0 | |a INDUSTRIA CINEMATOGRAFICA |z BRASIL |x HISTORIA | |
| 942 | |2 ddc |c BK | ||
| 999 | |c 4166 |d 4166 | ||
